| 000 | 00386nam a2200157Ia 4500 | ||
|---|---|---|---|
| 008 | 210716s2014 xx 000 0 und d | ||
| 020 | _a9788131517147 | ||
| 041 | _aeng | ||
| 082 | _a658.4092 DAFR | ||
| 100 | _aDaft, Richard L. | ||
| 245 | _aLeadership. | ||
| 250 | _a5 | ||
| 260 |
_aNew Delhi _bCengage Learning India Pvt Ltd _c2014 |
||
| 300 | _axviii,507 | ||
| 650 | _aLeadership | ||
| 999 |
_c209640 _d209640 |
||